Discurso pronunciado el 21 de febrero de 1933 ante la Sociedad de las Naciones por el Excmo. Sr. Eduardo Santos, Delegado de Colombia, con motivo de la acusación formulada contra el Gobierno del Perú por la invasión peruana a territorio colimbiano. (Record no. 138734)

MARC details
000 -LEADER
campo de control de longitud fija 00654nam a2200169 4500
001 - NÚMERO DE CONTROL
campo de control 138734
003 - IDENTIFICADOR DE NÚMERO DE CONTROL
campo de control ES-MaACL
005 - FECHA Y HORA DE LA ÚLTIMA TRANSACCIÓN
campo de control 20230906195626.0
007 - CAMPO FIJO DE DESCRIPCIÓN FÍSICA--INFORMACIÓN GENERAL
campo de control de longitud fija t|
008 - DATOS DE LONGITUD FIJA--INFORMACIÓN GENERAL
campo de control de longitud fija 070214s1933 sp r ||||1| spa d
100 1# - ENTRADA PRINCIPAL--NOMBRE DE PERSONA
Nombre de persona Santos, Eduardo.
9 (RLIN) 103469
245 10 - MENCIÓN DEL TÍTULO
Título Discurso pronunciado el 21 de febrero de 1933 ante la Sociedad de las Naciones por el Excmo. Sr. Eduardo Santos, Delegado de Colombia, con motivo de la acusación formulada contra el Gobierno del Perú por la invasión peruana a territorio colimbiano.
260 ## - PUBLICACIÓN, DISTRIBUCIÓN, ETC.
Lugar de publicación, distribución, etc. [S. l. :
Nombre del editor, distribuidor, etc. s. n.],
Fecha de publicación, distribución, etc. 1933.
300 ## - DESCRIPCIÓN FÍSICA
Extensión 23 p. ;
Dimensiones 19 x 13 cm.
852 ## - LOCALIZACIÓN
Ubicación ES-MaACL
Número de control de estantería 1793-F-8
852 ## - LOCALIZACIÓN
Ubicación ES-MaACL
Número de control de estantería 1819-F-1
Holdings
Estatus retirado Estado de pérdida Estado de daño No para préstamo Colección Biblioteca de origen Biblioteca actual Ubicación en estantería Fecha de adquisición Fuente de adquisición Total de préstamos Signatura topográfica completa Código de barras Visto por última vez Precio de reemplazo Tipo de ítem Koha
        Colección de folletos Biblioteca del Ateneo de Madrid Biblioteca del Ateneo de Madrid Depósito folletos 17/01/2008     1819-F-1 1144366 23/02/2023 23/02/2023 Folleto
        Colección de folletos Biblioteca del Ateneo de Madrid Biblioteca del Ateneo de Madrid Depósito folletos 17/01/2008     1793-F-8 1144365 23/02/2023 23/02/2023 Folleto